| 000 | 00536nam a2200193 4500 | ||
|---|---|---|---|
| 003 | OSt | ||
| 005 | 20160331155347.0 | ||
| 008 | 160331b xxu||||| |||| 00| 0 eng d | ||
| 020 | _a0333710711 | ||
| 040 | _c040a | ||
| 082 |
_a060.676 _bDIC 1998 |
||
| 100 |
_aDicklitch, Susan _97545 |
||
| 245 |
_aThe elusive promise of NGOs in Africa: _blessons from Uganda / _cSusan Dicklitch |
||
| 260 |
_aHampshire _bPalgrave _c1998 |
||
| 300 |
_axiv, 294p; _bill : _c12 cm. |
||
| 504 | _aIncludes index | ||
| 650 |
_aNGOs _97095 |
||
| 942 |
_2ddc _cSLOAN |
||
| 999 |
_c3369 _d3369 |
||